| 000 | 00729cab a2200229 4500 | ||
|---|---|---|---|
| 001 | WB3240-37 | ||
| 008 | 090401t1996 xxu||||| |||| 00| 0 eng d | ||
| 035 | _a(Sirsi) u34028 | ||
| 041 | _aeng | ||
| 245 | _aContractor`s war on eco-hackers | ||
| 260 | _c1996 | ||
| 350 | _a0 | ||
| 490 |
_aContract Journal _v385(6097) 17 October 1996, 1(1) |
||
| 520 | _aLeading contractors seek measures to protect sensitive and confidential information from militant environmentalists hacking into their computer systems. | ||
| 650 | _aCONTRACTORS | ||
| 650 | _aENVIRONMENTALISTS | ||
| 650 | _aHACKING | ||
| 650 | _aSECURITY | ||
| 690 | _aMANAGEMENT-BUSINESS MANAGEMENT-INFORMATION MANAGEMENT | ||
| 942 | _n0 | ||
| 948 | _c04/03/1997 | ||
| 999 |
_c22597 _d22597 |
||